| 000 | 00000nas##2200000za#4500 |
| 001 | 9.506950 |
| 003 | CaOODSP |
| 005 | 20200331213203 |
| 007 | cr ||||||||||| |
| 008 | 150406c1998||||xxc|| p o||||f| |0eng|d |
| 022 | |a1493-6763 |
| 040 | |aCaOODSP|beng |
| 043 | |an-cn--- |
| 086 | 1 |aCH41-1E-pdf |
| 110 | 1 |aCanada.|bCanadian Heritage. |bCanada Television and Cable Production Fund. |
| 245 | 10|aActivity report - Canada Television and Cable Production Fund |h[electronic resource] |
| 260 | |aToronto - Ontario : |bCanadian Heritage. |
| 310 | |aAnnual |
| 362 | 1 |a1997/1998 |
| 690 | 07|aTelevision|2gcpds |
| 775 | 08|tRapport d'activités - Fonds de télévision et de câblodistribution pour la production d'émissions canadiennes |w(CaOODSP)9.503345 |
| 785 | 00|tActivity report - Canadian Television Fund |w(CaOODSP)9.506949 |